02237 a2200193 45000010006000000050017000060080041000230030015000640400040000790800062001192450037001812500011002182640028002293000019002575051709002761000019019857000019020047000020020235437620260407155816.0260407a1958 arg spa dAR-UNSa-BCEJYS aAR-UNSa-BCEJYSbspacAR-UNSa-BCEJYS a351xFunciones propias de la administración pública 10aPrincipios de hacienda pública a5a.ed. 1aMadrid :bAguilarc1958 a504 p.c22 cm. aPrimera parte: Los ingresos no derivados del impuesto - I. De los precios cuasi-privados - II. De los precios públicos - III. Los precios políticos - IV. Las contribuciones - Segunda parte: Teoría general del impuesto - I. El problema de la repartición de los gastos públicos indivisibles.Características de los servicios públicos propios o técnicos,económicos y políticos - II. Dificultad de la repartición del coste de los servicios públicos por medio del impuesto - III. Los principios del sacrificio igual,proporcional y mínimo en la repartición del impuesto - IV. Principales tipos históricos de repartición de los impuestos - V. El sistema de distribución real de los impuestos - VI. El sistema de distribución nacional de los impuestos - VII. La reducción del objeto imponible a unidades homogéneas - VIII. Imposición de las superrentas y de las rentas ordinarias - IX. La exención de las primas de seguros sobre la vida y la de las reservas - X. La imposición sobre el consumo - XI. Efectos de los impuestos - XII. La determinación de la materia imponible - Tercera parte: La hacienda extraordinaria y la deuda pública - I. Gastos e ingresos extraordinarios de los entes públicos - II. Excedentes,economías,tesoros de guerra y enajenaciones patrimoniales - III. Impuestos estraordinarios y deuda pública - IV. Las formas provisionales de la deuda pública - V. Las formas permanentes de deuda pública - VI. De algunos problemas especiales de los empréstitos públicos - VII. La amortización de los empréstitos públicos - VIII. Del repudio de los empréstitos públicos - IX. De la conversión de los empréstitos públicos 1 aEinaudi, Luigi1 aAlgarra, Jaime1 aParedes, Miguel